000 00329nam a2200133Ia 4500
999 _c10858
_d10858
008 191201s2009 xx 000 0 und d
100 _aSARKAR, N.N.
245 0 _aArt and Print Production
250 _a2nd
260 _aNew Delhi
_bOxford
_c2018
300 _a515
650 _aBachelor of Mass Communication
942 _2ddc
_cBK